1687 1539 1565 1335 1939 1909 1445 1780 1451 1529 1148 1445 1410 1329 1028 1235 1078 1202 1645 1699 1161 1137 1542 1400 1287 1178 1643 1676 1099 1908 1281 1844 1917 1004 1584 1145 1310 1351 1199 1846 1679 1924 1648 1374 1605 1876 1425 1246 1765 1904 1954 1093 1332 1116 1194 1018 1987 1195 1541 1381 1852 1032 1976 1619 1530 1089 1572 1747 1626 1435 1826 1694 1396 1446 1458 1083 1084 1586 1395 1801 1727 1408 1072 1202 1018 1519 1091 1656 1101 1425 1929 1870 1625 1073 1661 1944 1764 1686 1506 BCNSPRNW ULIB Ver.6.0+V

เปลี่ยนเป็นภาษาไทย

Change to English
 แสดงรายละเอียดบรรณานุกรม
  กลับหน้าหลัก

Brief Record : Get Marc (ISO 2709) : E-mail record : QR code < ปิดหน้าต่าง
LEADER : 00000nam 2200000uu 4500
001    13399121771
003     ULIB
008    121206s2552||||th 000 0 tha d
020    ^a9786117197093
060  4 ^aWW100^bศ927น
245 00 ^aแนวทางจักษุวิทยาสำหรับเวชปฏิบัติทั่วไป /^cบรรณาธิการ ศักดิ์ชัย วงศกิตติรักษ์
246 14 ^aEye care for GP =^bแนวทางจักษุวิทยาสำหรับเวชปฏิบัติทั่วไป
250    ^aพิมพ์ครั้งที่ 1
260    ^aกรุงเทพฯ :^bหมอชาวบ้าน,^c2552
300    ^a84 หน้า :^bภาพประกอบ
650  7 ^aตา, โรค^xการวินิจฉัย
650  7 ^aตา, โรค^xการรักษา
650  7 ^aจักษุวิทยา
700 0  ^aศักดิ์ชัย วงศกิตติรักษ์,^eบรรณาธิการ
913    ^aImported by ULIBM Administrator
945    ^p150^l0^i16190
945    ^p150^l0^i23760
945    ^p150^l0^i23761
949    ^aImport form external file by ULIBM system
999    ^aทศพร เกษรทอง
รายการนี้ยังไม่มีแท็ก
คุณยังไม่ได้ล็อกอิน คุณสามารถมีกิจกรรมร่วมกับเว็บไซต์ได้ แต่ต้องล็อกอินก่อน ::
  ล็อกอิน

รายการสื่อสารสนเทศ

ลำดับที่ ประเภท เลขเรียก/บาร์โค้ด สถานที่ สถานะ
- ไม่พบข้อมูล -

รายการใกล้เคียง
    หัวเรื่อง [จักษุวิทยา]

BibComment


ยังไม่เคยถูกคอมเมนท์

คอมเมนท์ทรัพยากรรายการนี้
  คอมเมนท์: แนวทางจักษุวิทยา..


 Copyright 2026. Bcnsprnw @Library